Sự hình thành Liên Minh Châu Âu nhìn từ góc độ Địa chính trị /

Enregistré dans:
Détails bibliographiques
Auteur principal: Lương Văn Kế, TSKH.
Format: Article
Langue:Vietnamese
Sujets:
EU
Tags: Ajouter un tag
Pas de tags, Soyez le premier à ajouter un tag!
Thư viện lưu trữ: Thư viện Trường Đại học Đà Lạt
LEADER 00794nam a2200265 4500
001 DLU160178507
005 ##20161230
040 # # |a DLU  |b vie 
041 # # |a vie 
044 # # |a vn 
100 # # |a Lương Văn Kế,   |c TSKH. 
245 # # |a Sự hình thành Liên Minh Châu Âu nhìn từ góc độ Địa chính trị /  |c Lương Văn Kế. 
653 # # |a Địa chính trị 
653 # # |a EU 
653 # # |a Liên Minh Châu Aau 
773 # # |t Tạp chí Nghiên cứu Châu Âu  |g Số 3(138), 2012, tr.61-70 
920 # # |a Phòng Tạp chí -- Trung tâm Thông tin - Thư viện Trường Đại học Đà Lạt 
994 # # |a DLU 
900 # # |a True 
911 # # |a Trần Thị Minh Hương 
925 # # |a G 
926 # # |a A 
927 # # |a BB 
980 # # |a Thư viện Trường Đại học Đà Lạt